00409nam a22001337a 4500008004100000041000800041080000600049100000700055101000800062245006500070942001200135999001700147952011100164180316b xxu||||| |||| 00| 0 eng d aeng a7 a45 aart athe paralel betwen literature and visual artscpraz.m 2udccBK c45201d45201 00102udc40708PËKGa002b002cPËKGd2018-03-16l0o7 prap002-3002224r2018-03-16w2018-03-16yBK